|
|
|
|
| LEADER |
01022nam a2200253 a 4500 |
| 001 |
2927895 |
| 008 |
090601r20001990njuaf b 001 0 eng d |
| 010 |
|
|
|a \\\89039617
|
| 020 |
|
|
|a 0136424716
|
| 020 |
|
|
|a 8120314263
|
| 040 |
|
|
|a DLC
|c DLC
|d DLC
|d BD-DhAAL
|
| 082 |
0 |
0 |
|a 658.1
|2 20
|
| 100 |
1 |
|
|a Robbins, Stephen P.,
|d 1943-
|
| 245 |
1 |
0 |
|a Organization theory :
|b structure, design, and applications /
|c Stephen P. Robbins.
|
| 250 |
|
|
|a 3rd ed.
|
| 260 |
|
|
|a Englewood Cliffs, N.J. :
|b Prentice Hall ;
|a India :
|b Prentice Hall of India,
|c c1990 [Reprinted 2000]
|
| 300 |
|
|
|a xxiii, 552 p., [2] leaves of plates :
|b ill. ;
|c 23 cm.
|
| 504 |
|
|
|a Includes bibliographical references and indexes.
|
| 541 |
1 |
|
|e 00011924
|
| 650 |
|
0 |
|a Organization.
|
| 650 |
|
0 |
|a Organizational effectiveness.
|
| 852 |
4 |
|
|a Ayesha Abed Library
|j General shelf
|
| 999 |
|
|
|c 10755
|d 10755
|
| 952 |
|
|
|0 0
|1 0
|4 0
|6 658_100000000000000_ROB
|7 0
|9 16171
|a BRACUL
|b BRACUL
|c GEN
|d 2011-04-21
|l 1
|m 2
|o 658.1 ROB
|p 3010011924
|r 2013-02-10
|s 2013-01-13
|t 1
|w 2011-04-21
|y BK
|x Available
|